01210nam a22002655i 450000100060000000300090000600500170001500700030003200800410003508000120007608000120008810000360010024503710013626000560050730000310056349000540059453000350064865100230068365100230070670000160072970000320074583000540077785200240083185600890085553238ES-MaACL20230906162730.0t|950911s1844 sp ||||1| spa d a94(495) a94(450)1 aDuponchel, Augustin-Amédée.10aHistorias de Grecia e Italia desde los tiempos más remotos hasta 1840 / cpor A.A. Duponchel ; adornadas con 33 láminas grabadas en acero que representan trages [sic], armas, muebles y monumentos... y embellecidas con un escelente [sic] atlas geográfico-histórico, compuesto de nueve mapas iluminados... dirigido por A. Houzé ; traducidas por Juan Cortada. aBarcelona : b[s.n.], c1844 (fImp. de A. Brusí) a2 v. : blám. ; c22 cm.1 aEl mundo: historia de todos los pueblos ; v12-13 aDisponible en formato digital. 4aGrecia-xHistoria. 4aItalia-xHistoria.1 aHouzé, A.1 aCortada, Juan (d1805-1868)1 aEl mundo: historia de todos los pueblos ; v12-134 aES-MaACLjD-4094-954 uhttp://bdh-rd.bne.es/viewer.vm?id=0000005060&page=1 zBiblioteca Digital Hispánica